000 00579nam a2200145Ia 4500
008 090122s9999 xx 000 0 und d
082 _b7760
_aO155 : B
100 _aगडकर
_bरेचल
245 _aबिरबल आणि बादशाह यांच्या 101 गोष्टी
600 _aगडकर
630 _aबिरबल आणि बादशाह यांच्या 101 गोष्टी
700 _aगडकर
730 _aबिरबल आणि बादशाह यांच्या 101 गोष्टी
942 _cBOOK
999 _c31837
_d31837